| 000 | 00680nam a2200193Ia 4500 | ||
|---|---|---|---|
| 008 | 151121s9999||||xx |||||||||||||| ||und|| | ||
| 082 | _a923।5 / देसाई | ||
| 082 | _bHNW-76853 | ||
| 100 | _aदेसाई ह। त्र्यं। | ||
| 245 | _aरणझुंजार नेताजी | ||
| 260 | _b"गोकुळ प्रकाशन, पुणे।" | ||
| 260 | _c-- | ||
| 300 | _a204 | ||
| 600 | _aदेसाई ह। त्र्यं। | ||
| 630 | _aरणझुंजार नेताजी | ||
| 700 | _aदेसाई ह। त्र्यं। | ||
| 730 | _aरणझुंजार नेताजी | ||
| 942 | _cBOOK | ||
| 999 |
_c1258275 _d1258272 |
||